[Event "DRUGA LIGA SRBIJE-GRUPA VOJVODINA-2019."]
[Site "Kovacica"]
[Date "2019.11.03"]
[Round "4.6"]
[White "Banovic, Ivan"]
[Black "Marceta, Dimitrije"]
[Result "1-0"]
[WhiteElo "2218"]
[BlackElo "1766"]
[PlyCount "83"]
[EventDate "2019.11.01"]
[WhiteTeam "SK Kraljica PTT Petrovaradin"]
[BlackTeam "SK Sloga Indjija"]

1. Nf3 Nf6 2. c4 g6 3. Nc3 Bg7 4. d4 O-O 5. e4 d6 6. Be2 e5 7. Be3 Nc6 8. d5
Ne7 9. Nd2 Ne8 10. c5 f5 11. f3 f4 12. Bf2 g5 13. cxd6 cxd6 14. Nc4 Rf6 15. Nb5
Bd7 16. a4 h5 17. h3 Rg6 18. Nxa7 g4 19. hxg4 hxg4 20. Bb6 Qb8 21. Nb5 Bxb5 22.
axb5 Rxa1 23. Qxa1 Nf6 24. Bf2 g3 25. Bg1 Nd7 26. Qa3 Nc8 27. Kd2 Rh6 28. Rxh6
Bxh6 29. b6 Bg5 30. Qa4 Nf6 31. Na5 Kf7 32. Nxb7 Qxb7 33. Qa6 Qxa6 34. Bxa6
Nxb6 35. Bxb6 Nd7 36. Bc7 Ke7 37. b4 Nf6 38. Bc8 Nxe4+ 39. fxe4 f3+ 40. Ke1 Be3
41. Kf1 f2 42. b5 1-0

[Event "DRUGA LIGA SRBIJE-GRUPA VOJVODINA-2019."]
[Site "Kovacica"]
[Date "2019.11.03"]
[Round "4.6"]
[White "Parkajic, Branislav"]
[Black "Pajcin, Lav"]
[Result "0-1"]
[WhiteElo "1922"]
[BlackElo "2160"]
[PlyCount "112"]
[EventDate "2019.11.01"]
[WhiteTeam "SK Sloga Indjija"]
[BlackTeam "SK Kraljica PTT Petrovaradin"]

1. Nf3 Nf6 2. b3 g6 3. Bb2 Bg7 4. e3 O-O 5. c4 d6 6. d4 Nbd7 7. Nc3 e5 8. Be2
Re8 9. O-O e4 10. Nd2 Nf8 11. Qc2 Bf5 12. b4 h5 13. Nb3 N8h7 14. d5 Bg4 15. h3
Bxe2 16. Nxe2 h4 17. Rfd1 Qd7 18. Nbd4 Nh5 19. Nf4 Nxf4 20. exf4 Nf6 21. Bc1 a5
22. Rb1 axb4 23. Rxb4 b6 24. Be3 Nh5 25. a4 Bxd4 26. Rxd4 Qf5 27. Qc1 Nf6 28.
Rd2 Nd7 29. Ra2 Ra5 30. Rb5 Rea8 31. Rxa5 Rxa5 32. Bd2 Ra8 33. Be3 Kh7 34. Qc3
Ra5 35. Qd2 Nc5 36. Bxc5 Rxc5 37. Rc2 Ra5 38. Ra2 Kg8 39. Kf1 Kf8 40. Ke2 e3
41. Qxe3 Ra8 42. Qd3 Re8+ 43. Kd2 Qxf4+ 44. Kc3 Re1 45. Qd2 Rc1+ 46. Rc2 Qe5+
47. Kb3 Rb1+ 48. Rb2 Re1 49. Qc2 Kg8 50. Kb4 Ra1 51. Ra2 Qe1+ 52. Kb3 Rc1 53.
Qd2 Rb1+ 54. Kc2 Qe4+ 55. Qd3 Rc1+ 56. Kd2 Rd1+ 0-1

[Event "DRUGA LIGA SRBIJE-GRUPA VOJVODINA-2019."]
[Site "Kovacica"]
[Date "2019.11.03"]
[Round "4.6"]
[White "Radanovic, Aleksandar"]
[Black "Muskinja, Luka"]
[Result "1/2-1/2"]
[WhiteElo "2173"]
[BlackElo "1810"]
[PlyCount "84"]
[EventDate "2019.11.01"]
[WhiteTeam "SK Kraljica PTT Petrovaradin"]
[BlackTeam "SK Sloga Indjija"]

1. e4 c5 2. Nc3 Nc6 3. Bb5 g6 4. Nf3 Bg7 5. O-O Nf6 6. Bxc6 dxc6 7. d3 O-O 8.
Be3 b6 9. h3 Qc7 10. Nd2 e5 11. f4 exf4 12. Bxf4 Qd8 13. Qf3 Be6 14. Bg5 Qd4+
15. Kh1 Nd7 16. Qg3 f6 17. Nf3 Qb4 18. Bd2 Qxb2 19. Qd6 Rae8 20. Rab1 Qa3 21.
Nd4 Bf7 22. Nxc6 Ne5 23. Ne7+ Kh8 24. Rxf6 Nd7 25. e5 Rd8 26. Nc6 Nxf6 27. Nxd8
Nh5 28. Nxf7+ Rxf7 29. e6 Rf8 30. e7 Rg8 31. Re1 Nf6 32. Nd5 Ne8 33. Qe6 Qxa2
34. Rf1 a5 35. Bc3 Bxc3 36. Rf8 Qa1+ 37. Kh2 Be5+ 38. g3 Bxg3+ 39. Kg2 Qg7 40.
Kxg3 Rxf8 41. exf8=Q+ Qxf8 42. Nxb6 Qd6+ 1/2-1/2

[Event "DRUGA LIGA SRBIJE-GRUPA VOJVODINA-2019."]
[Site "Kovacica"]
[Date "2019.11.03"]
[Round "4.6"]
[White "Majstorovic, Stanko"]
[Black "Petrovic, Nikola V"]
[Result "1/2-1/2"]
[WhiteElo "2078"]
[BlackElo "2069"]
[PlyCount "80"]
[EventDate "2019.11.01"]
[WhiteTeam "SK Sloga Indjija"]
[BlackTeam "SK Kraljica PTT Petrovaradin"]

1. e4 d6 2. d4 Nf6 3. Nc3 e5 4. dxe5 dxe5 5. Qxd8+ Kxd8 6. Bg5 c6 7. O-O-O+ Ke8
8. f4 Be7 9. f5 Ng4 10. Bxe7 Kxe7 11. Nh3 g6 12. Bd3 Nd7 13. Be2 gxf5 14. Rde1
Ndf6 15. exf5 Bxf5 16. Ng5 Rhg8 17. Nf3 Nd7 18. h3 Ne3 19. Bd3 Bxd3 20. Rxe3
Bc4 21. Nxe5 Nxe5 22. Rxe5+ Kd6 23. Re4 Be6 24. Rd1+ Kc7 25. g4 Rg5 26. Ne2 Rd8
27. Rf1 Bd5 28. Ra4 a6 29. Nf4 f5 30. gxf5 Rxf5 31. Nxd5+ Rdxd5 32. Rxf5 Rxf5
33. Rh4 h5 34. Kd2 Kd6 35. Rb4 b5 36. Ke3 c5 37. Re4 Kd5 38. Rf4 Re5+ 39. Kd3
c4+ 40. Kd2 a5 1/2-1/2